<?xml version="1.0" encoding="UTF-8"?><?xml-stylesheet type="text/xsl" href="static/style.xsl"?><OAI-PMH xmlns="http://www.openarchives.org/OAI/2.0/" xmlns:xsi="http://www.w3.org/2001/XMLSchema-instance" xsi:schemaLocation="http://www.openarchives.org/OAI/2.0/ http://www.openarchives.org/OAI/2.0/OAI-PMH.xsd"><responseDate>2026-04-17T22:52:23Z</responseDate><request verb="GetRecord" identifier="oai:www.recercat.cat:2099.1/24387" metadataPrefix="marc">https://recercat.cat/oai/request</request><GetRecord><record><header><identifier>oai:recercat.cat:2099.1/24387</identifier><datestamp>2025-07-23T06:05:06Z</datestamp><setSpec>com_2072_1033</setSpec><setSpec>col_2072_452951</setSpec></header><metadata><record xmlns="http://www.loc.gov/MARC21/slim" xmlns:dcterms="http://purl.org/dc/terms/" xmlns:xsi="http://www.w3.org/2001/XMLSchema-instance" xmlns:doc="http://www.lyncode.com/xoai" xsi:schemaLocation="http://www.loc.gov/MARC21/slim http://www.loc.gov/standards/marcxml/schema/MARC21slim.xsd">
   <leader>00925njm 22002777a 4500</leader>
   <datafield ind2=" " ind1=" " tag="042">
      <subfield code="a">dc</subfield>
   </datafield>
   <datafield ind2=" " ind1=" " tag="720">
      <subfield code="a">Casals Colomer, Josep</subfield>
      <subfield code="e">author</subfield>
   </datafield>
   <datafield ind2=" " ind1=" " tag="260">
      <subfield code="c">2014-06-11</subfield>
   </datafield>
   <datafield ind2=" " ind1=" " tag="520">
      <subfield code="a">L'objectiu del projecte es basa en el disseny i construcció d’un mecanisme de&#xd;
direcció per a un vehicle monoplaça tipus fórmula, per participar en la competició&#xd;
Formula Student que se celebra a Catalunya (circuit de Montmeló).&#xd;
El disseny està regit per la normativa imposada per l'organització, però&#xd;
desenvolupat per obtenir els millors resultats possibles en la competició. L’objectiu&#xd;
del projecte és aconseguir la relació òptima entre ergonomia, pes i resistència,&#xd;
tenint molt present l’economia i buscant el millor comportament del vehicle en&#xd;
carrera.&#xd;
La limitació de temps del que es disposa per a l'elaboració del projecte, comporta&#xd;
que el treball es basi en l’estudi de geometria de direcció i disseny del pinyócremallera.&#xd;
Per altre banda i per falta de pressupost, molts components no seran al&#xd;
100% òptims ja que hauran estat proporcionats gratuïtament per patrocinadors.&#xd;
En primer lloc mitjançant el programa “Optimuslab” es realitzarà un estudi del&#xd;
circuit. L’estudi de la geometria estarà basat en la teoria de Akerman i els resultats&#xd;
seran recolzats per una programa informàtic d’estudi dinàmic de suspensió&#xd;
anomenat “Lotus Engineering”. La resta de càlculs sobre components mecànics&#xd;
seran realitzats per “SolidWorks” mitjançant mètode dels elements finits.</subfield>
   </datafield>
   <datafield tag="653" ind2=" " ind1=" ">
      <subfield code="a">Àrees temàtiques de la UPC::Enginyeria mecànica::Disseny i construcció de vehicles</subfield>
   </datafield>
   <datafield tag="653" ind2=" " ind1=" ">
      <subfield code="a">Motor vehicles -- Design and construction</subfield>
   </datafield>
   <datafield tag="653" ind2=" " ind1=" ">
      <subfield code="a">Vehicles de motor -- Disseny</subfield>
   </datafield>
   <datafield tag="653" ind2=" " ind1=" ">
      <subfield code="a">Automòbils -- Disseny i construcció</subfield>
   </datafield>
   <datafield ind2="0" ind1="0" tag="245">
      <subfield code="a">Disseny i construcció d'un sistema de direcció mecànica per un prototip de la Formula Student</subfield>
   </datafield>
</record></metadata></record></GetRecord></OAI-PMH>